Occupation of Germany, policy and progress 1945-46. (Record no. 89976)

MARC details
000 -LEADER
fixed length control field 00908cam a22002771 4500
001 - CONTROL NUMBER
control field sd 47000047
003 - CONTROL NUMBER IDENTIFIER
control field DLC
005 - DATE AND TIME OF LATEST TRANSACTION
control field 20260227112735.0
008 - FIXED-LENGTH DATA ELEMENTS--GENERAL INFORMATION
fixed length control field 741023s1947 dcub f000 0 eng
010 ## - LIBRARY OF CONGRESS CONTROL NUMBER
LC control number sd 47000047
035 ## - SYSTEM CONTROL NUMBER
System control number (OCoLC)1050707
040 ## - CATALOGING SOURCE
Original cataloging agency DLC
Transcribing agency OOxM
Modifying agency OCoLC
-- DLC
042 ## - AUTHENTICATION CODE
Authentication code premarc
050 00 - LIBRARY OF CONGRESS CALL NUMBER
Classification number D802.G3
Item number U5 1947a
082 ## - DEWEY DECIMAL CLASSIFICATION NUMBER
Classification number 940.5343
110 1# - MAIN ENTRY--CORPORATE NAME
Corporate name or jurisdiction name as entry element United States.
Subordinate unit Department of State.
245 10 - TITLE STATEMENT
Title Occupation of Germany, policy and progress 1945-46.
260 ## - PUBLICATION, DISTRIBUTION, ETC.
Place of publication, distribution, etc. Washington,
Name of publisher, distributor, etc. U.S. Govt. Print. Off.
Date of publication, distribution, etc. [1947]
300 ## - PHYSICAL DESCRIPTION
Extent viii, 241 p.
Other physical details maps.
Dimensions 24 cm.
490 1# - SERIES STATEMENT
Series statement Its Publication 2783
490 1# - SERIES STATEMENT
Series statement European series,
Volume/sequential designation 23
651 #0 - SUBJECT ADDED ENTRY--GEOGRAPHIC NAME
Geographic name Germany
General subdivision History
Chronological subdivision 1945-1955.
650 #0 - SUBJECT ADDED ENTRY--TOPICAL TERM
Topical term or geographic name entry element Reconstruction (1939-1951)
Geographic subdivision Germany.
810 1# - SERIES ADDED ENTRY--CORPORATE NAME
Corporate name or jurisdiction name as entry element United States.
Subordinate unit Department of State.
Title of a work Publication ;
Volume/sequential designation 2783.
810 1# - SERIES ADDED ENTRY--CORPORATE NAME
Corporate name or jurisdiction name as entry element United States.
Subordinate unit Department of State.
Title of a work European series ;
Volume/sequential designation 23.

No items available.

Powered by Koha